Longest One Word Countries Quiz Stats

Quiz Updated Oct 19, 2016

Challenge
Share
Tweet
Embed
Score 0/19 Timer 05:00
13 Plays Today
# of Letters Country % Correct
10Uzbekistan
79.3%
12Turkmenistan
78.7%
11Afghanistan
78.6%
10Kazakhstan
78.3%
10Tajikistan
71.5%
10Kyrgyzstan
68.3%
10Azerbaijan
62.9%
13Liechtenstein
58.7%
10Madagascar
57.3%
10Luxembourg
56.4%
# of Letters Country % Correct
11Switzerland
53.3%
10Mozambique
49.8%
11Philippines
47.9%
10Mauritania
43.8%
11Netherlands
41.2%
10Bangladesh
39.6%
10Montenegro
35.7%
10Seychelles
32%
10*Micronesia
30.9%

You're not logged in!

Compare scores with friends on all Sporcle quizzes.
Sign Up with Email
OR
Log In

You Might Also Like...

Show Comments

Extras

Top Quizzes Today


Score Distribution

Your Account Isn't Verified!

In order to create a playlist on Sporcle, you need to verify the email address you used during registration. Go to your Sporcle Settings to finish the process.